000 004960000a22001930004500
001 003120
003 MACL
005 20151015132459.0
008 151015b xxu||||| |||| 00| 0 eng d
040 _aMACL
_cMACL
041 _aEnglish
082 _a920.567/DAN
100 _aDanahar, Paul
_914982
245 _aHotel Palestine Baghdad
_bPages From A War Diary
_cPaul Danahar
260 _aDelhi
_c2003
_bLotus Collection,
350 _a295
650 _aBiography
_914983
942 _k921
_cBK
_2ddc
999 _c15026
_d15026